000 00437 a2200133 4500
005 20250526073037.0
020 _a0-8039-7490-6
082 _a658. 8 BRO
245 _aRethinking Marketing: Towards Critical Marketing Accountings
260 _aLondon,
_bSage Publications
_c1999.
300 _axii, 273p.: ill.; picture, table.
_bIndex, references.
_c24cm.
700 _aBROWNLIE, D, SAREN, M, WENSLEY, R. & WHITTINGTON, R.
942 _2ddc
_cBKS
999 _c2645
_d2645